| 000 | 01063nam a2200301 i 4500 | ||
|---|---|---|---|
| 001 | 000025598 | ||
| 003 | DO-SdBNP | ||
| 005 | 20260313113857.0 | ||
| 007 | ta | ||
| 008 | 110218s2004 dr 000 0 spa d | ||
| 040 |
_aDO-SdBNP _bspa _cBNPHU _erda |
||
| 041 | _aspa | ||
| 082 | 4 |
_a342.729302 _bR426co 2004 _222 |
|
| 110 | 1 |
_aRepública Dominicana _9447 |
|
| 240 | 1 | 0 | _aConstitución (2002) |
| 245 | 1 | 0 |
_aConstitución política de la República Dominicana : _bvotada y proclamada por la Asamblea Nacional el 25 de julio de 2002. |
| 246 | 3 | 4 | _aConstitución de la República Dominicana proclamada el 25 de julio de 2002 |
| 264 | 1 |
_aSanto Domingo : _bSenado de la República, _c2004. |
|
| 300 |
_a64 paginas. ; _c21 cm. |
||
| 336 |
_atexto _btxt _2rdacontent |
||
| 337 |
_asin mediación _bn _2rdamedia |
||
| 338 |
_avolumen _bnc _2rdacarrier |
||
| 590 | _aInventariado, 2023/DG | ||
| 651 | 4 |
_aRepública Dominicana _xConstitución (2002{Rpara} _910514 |
|
| 651 | 4 |
_aRepública Dominicana _xDerecho constitucional _99303 |
|
| 910 | _aDG | ||
| 942 |
_2ddc _cLBS1 |
||
| 999 |
_c54308 _d54308 |
||